000 00458nam a2200181Ia 4500
001 16291
005 20260306170258.0
008 260306t2012||||xx |||||||||||||| ||und||
041 _aESP
082 _a347.6
_bE84
100 _aEspinoza Espinoza, Juan
_eAUT
245 0 _aLey general del sistema concursal:
_banálisis exegético
260 _c2012
300 _a1103 páginas :
_c24 cm.
650 _aGEN
654 _aCDE
942 _cLIB
_dJUS
_fJUS
_2ddc
_n
999 _c16291
_d16291